Cẩm nang hướng nghiệp dạy nghề Tp.HCM

Na minha lista:
Detalhes bibliográficos
Autor principal: Không rõ
Formato: Livro
Idioma:Vietnamese
Publicado em: Lao động xã hội 2005
Tags: Adicionar Tag
Sem tags, seja o primeiro a adicionar uma tag!
Thư viện lưu trữ: Mạng thư viện Đại học Đà Nẵng
LEADER 00650nam a2200277 4500
001 000026092
003 1625
005 20150325120000.0
008 150325s vm 000 vie
020 |c 185000,0000 
040 |a NOTTS 
100 |a Không rõ 
245 |a Cẩm nang hướng nghiệp dạy nghề Tp.HCM 
260 |b Lao động xã hội  |c 2005 
300 |a 363tr. ; 
OWN |a LTT 
999 |a From the UDN01 
TYP |a Monograph 
TYP |a Printed language 
980 |a Mạng thư viện Đại học Đà Nẵng